00506nam a2200193 a 4500001001300000003000900013005001700022008004100039020001000080082001400090100001800104245005100122260003800173300000800211500003500219505001000254650003000264700001800294nice12345678IN_TiNIC20260116013503.0050524s1954 newa grp 000 0 eng  ac10000a201bPHI1 aPhillips, J B aPlain Christianityb and Other Broadcast Talks aNew YorkbMacmillan Companyc1954 a87p aincludes index and biblioraphy2 aIndex aChristianity-Introduction1 aPhillips, J B